00606nam a2200205 a 450000100060000000300080000600500170001400800410003103500190007204000270009104100080011808200240012610000160015024500630016625000120022926000430024130000250028450400680030965000230037729416BD-RjUL20211209051418.0140403s1981 ii b 001 0 eng d a(BD-RjUL)29501 aDLCcDLCdBD-RjULbeng aeng00223a362.3bSET 19811 aSen, Anima.10aTransfer of training in the mental retardate /cAnima Sen. a1st.ed. aNew Delhi :bSage Publications,c1981. aii, 180 p. ;c23 cm. aIncludes bibliographical references (p. [270]-294) and indexes. aMental retardation